|
|
|
|
| LEADER |
00000nab a2200000 a 4500 |
| 001 |
vtls000918438 |
| 003 |
SK-MaSNL |
| 005 |
20260303034211.0 |
| 008 |
040720e19930701xo 0 slo |
| 035 |
|
|
|a KE27315
|
| 040 |
|
|
|a KEVKJB
|b slo
|c KEVKJB
|e AACR2
|
| 041 |
0 |
|
|a slo
|
| 044 |
|
|
|a xo
|c SK
|
| 080 |
|
|
|a 796.332
|2 1981
|
| 100 |
1 |
|
|a Móder, Jozef,
|d 1947-
|4 aut
|9 165218
|
| 245 |
1 |
0 |
|a S Jozefom Móderom o jeho návrate do Čermeľa
|b "Je to obrovská skúška"
|
| 610 |
2 |
7 |
|a TJ Lokomotíva Košice (Slovensko)
|2 KEVKJB
|9 873304
|
| 650 |
0 |
7 |
|a futbal
|2 KEVKJB
|9 3291
|
| 650 |
0 |
7 |
|a zmeny kádrové
|2 KEVKJB
|9 873290
|
| 650 |
0 |
7 |
|a Móder, Jozef,
|d 1947-
|2 KEVKJB
|9 1019157
|
| 650 |
0 |
7 |
|a činnosť
|2 KEVKJB
|9 282874
|
| 650 |
0 |
7 |
|a rozhovory
|2 KEVKJB
|9 453585
|
| 651 |
|
7 |
|a KE,
|2 KEVKJB
|9 877256
|
| 655 |
|
7 |
|a periodikum
|2 snkbucl
|9 29553
|
| 710 |
2 |
|
|a TJ Lokomotíva Košice
|4 aut
|9 36321
|
| 773 |
0 |
8 |
|t Lúč
|g Roč. 2, č.151, 1.7.1993, s. 12
|
| 852 |
|
|
|a ZVYKNI
|b KIS3GCP
|
| 999 |
|
|
|c 1672713
|d 1674643
|